00662cam a22002053a 45000010005000000030006000050050017000110080041000280400015000690420007000840500007000911000025000982450173001232600029002965060030003255160020003556530012003758300028003878560041004159071PGUSA20140828083208.0051001s2005||||xxu|||||s|||||000 | eng d aPGUSAbeng adc 4aBV1 aParsons, John Denham14aThe Non-Christian Cross :bAn Enquiry into the Origin and History of the Symbol Eventually Adopted as That of Our Religionh[electronic resource] /cJohn Denham Parsons bProject Gutenberg,c2005 aPublic domain in the USA. aElectronic text aCrosses 0aProject Gutenbergv907140uhttp://www.gutenberg.org/ebooks/9071